| 000 | 00447nam a2200121Ia 4500 | ||
|---|---|---|---|
| 008 | 220620s9999||||xx |||||||||||||| ||und|| | ||
| 245 | 0 | _aParticipatory Research and Planning in Practice | |
| 546 | _aEnglish[eng] | ||
| 650 | _aGeography||Urban geography||Human geography||Economic development||Sociology, Urban | ||
| 700 | _aNared, Janez||Bole, David | ||
| 856 | _uhttps://library.oapen.org/bitstream/20.500.12657/22965/1/1007194.pdf | ||
| 942 | _cEB | ||
| 999 |
_c21655 _d21655 |
||